Schaum's Outline of Theory and Problems of Electric Circuits / Including 391 Solved Problems: Second Eition (Record no. 1784)
[ view plain ]
| 000 -LEADER | |
|---|---|
| fixed length control field | 01102cam a22002054a 4500 |
| 005 - ΗΜΕΡΟΜΗΝΙΑ ΚΑΙ ΩΡΑ ΤΕΛΕΥΤΑΙΑΣ ΕΝΗΜΕΡΩΣΗΣ | |
| Πεδίο ελέγχου | 20250605164019.0 |
| 008 - FIXED-LENGTH DATA ELEMENTS--GENERAL INFORMATION | |
| Πεδίο ελέγχου σταθερού μήκους | 250528s ||||||||||||||||||||||||d |
| 035 ## - SYSTEM CONTROL NUMBER | |
| System control number | 16266 |
| 020 ## - ISBN | |
| ISBN | 70189846 |
| 040 ## - ΠΗΓΗ ΚΑΤΑΛΟΓΟΓΡΑΦΗΣΗΣ | |
| Φορέας πρωτότυπης καταλογογράφησης | MC Athens Campus Library |
| Γλώσσα καταλογογράφησης | Ελληνικά, Μοντέρνα (1453-) |
| Modifying agency | MC Athens Campus Library |
| Κανόνες περιγραφικής καταλογογράφησης | AACR2 |
| 245 1# - ΤΙΤΛΟΣ ΚΑΙ ΔΗΛΩΣΗ ΥΠΕΥΘΥΝΟΤΗΤΑΣ | |
| Τίτλος | Schaum's Outline of Theory and Problems of Electric Circuits / Including 391 Solved Problems: Second Eition |
| 250 ## - EDITION STATEMENT | |
| Edition statement | 2nd |
| 260 ## - PUBLICATION, DISTRIBUTION, ETC. | |
| Name of publisher, distributor, etc. | Mcgraw Hill Book Company, |
| Date of publication, distribution, etc. | 1983 |
| 300 ## - PHYSICAL DESCRIPTION | |
| Extent | 298 |
| 520 ## - SUMMARY, ETC. | |
| Summary, etc. | Introduction, Circuit Concepts, DC Resistive Circuits, DC Mesh and Node Analysis, Circuit Transients, Sinusoidal Circuit Analysis, Sinusoidal Steady State in the Frequency Domain, Networks Analysis in the Frequency Domain, Power and Power Factor, Polyphase Circuits, Frequency Response and Resonance, Fourier Method of Waveform Analysis, Complex Frequency, The Laplace Transform Method, State Variable Analysis, Coupled Circuits and Transformers, Average and Effective Values, Complex Number System, Matrices and Determinants, Index. |
| 700 1# - ΠΡΟΣΘΕΤΗ ΑΝΑΓΡΑΦΗ--ΦΥΣΙΚΟ ΠΡΟΣΩΠΟ | |
| Personal name | Edminister Joseph A |
| 9 (RLIN) | 2348 |
| 942 ## - ADDED ENTRY ELEMENTS (KOHA) | |
| Koha item type | Books |
| Τύπος τεκμηρίου | Βιβλιοθήκη | Τρέχουσα τοποθεσία | Barcode | Αριθμός εισαγωγής | Ημερομηνία απόκτησης | Ταξιθετικό σύμβολο | Αριθμός αντιτύπου | Κατάσταση απόσυρσης | Κατάσταση χαμένου | Κατάσταση κατεστραμμένου | Μη δανεισμός | Σύνολο δανεισμών | Ημερομηνία τελευταίας εμφάνισης | Η τιμή ισχύει από |
|---|---|---|---|---|---|---|---|---|---|---|---|---|---|---|
| Books | MC Athens Campus Library | MC Athens Campus Library | 9780000017833 | 3353 | 05/06/2025 | 621.319/2 EDM | 1 | 05/06/2025 | 05/06/2025 |